| 000 | 00731nam a2200205 i 4500 | ||
|---|---|---|---|
| 001 | 179986 | ||
| 003 | ES-MaACL | ||
| 005 | 20250702055817.0 | ||
| 008 | 120312e1863 sp |||| | spa d | ||
| 080 | _a16 | ||
| 100 | 1 |
_aSanz del Río, Julián, _d1814-1869 _9132463 _eaut |
|
| 245 | 1 | 0 |
_aDoctrinal de psicología, lógica y ética. _n2ª parte, _pLógica. |
| 246 | 1 | _aLógica | |
| 260 |
_a[S.l. : _bs.n.], _c1863 _e(Madrid : _fImp. de F. Martínez García) |
||
| 300 |
_a96, 16 páginas ; _c20 cm. |
||
| 650 | 7 |
_aLógica. _914693 |
|
| 852 |
_aES-MaACL _cSVI _gFirma autógrafa de Antonio Aura Boronat, "Linares 1869" _hDonativo de Antonio Aura Boronat _jD-4892(5) |
||
| 942 |
_2udc _cMONANT _n0 |
||
| 999 |
_c179986 _d179986 |
||